アイドルマスター 765プロアイドルのペット - Statistics

General Stats
  • This quiz has been taken 4 times
  • The average score is 3 of 18
Answer Stats
アイドル ペットの名前 % Correct
我那覇響 ハム蔵 ハムスター
100%
我那覇響 いぬ美 犬(セントバーナード)
50%
大神環 こぶん 猫(ベンガル)
50%
箱崎星梨花 ジュニオール 犬(ボーダーコリー)
50%
矢吹可奈 けるちゃん インコ
50%
高山紗代子 ハリ子 ハリネズミ
25%
萩原雪歩 ユキちゃん
0%
水瀬伊織 ジャンバルジャン 犬(ジャイアントシュナウザー)
0%
三浦あずさ とらたん
0%
我那覇響 ネコ吉
0%
我那覇響 シマ男 シマリス
0%
我那覇響 うさ江 うさぎ
0%
我那覇響 ブタ太
0%
我那覇響 モモ次郎 モモンガ
0%
我那覇響 オウ助 オウム
0%
我那覇響 コケ麿 ニワトリ
0%
我那覇響 へび香 ヘビ
0%
我那覇響 ワニ子 ワニ
0%
No matching quizzes found
Score Distribution
Percent of People with Each Score
Percentile by Number Answered
Your Score History
You have not taken this quiz